Parole che iniziano con la "F" - Statistics

Statistiche generali
  • Questo quiz è stato fatto 312 volte
  • Il punteggio medio è 8 su 15
Statistiche sulle risposte
INDIZIO RISPOSTA % Corretto
Lo usano gli arbitri per interrompere il gioco Fischietto
99%
Lo era Geppetto Falegname
97%
La moglie di Fedez Ferragni
97%
Comico siciliano affiancato da Picone Ficarra
95%
Il maschio dell'ape Fuco
78%
Unico paese con la F in Asia Filippine
75%
Di nessuna importanza Futile
62%
Sinonimo di delicato Fragile
53%
Tecnica usata dai cantanti per arrivare a note molto acute Falsetto
50%
La Cloaca Massima era la più grande _____ di Roma Fogna
44%
Punizione nell'antica Roma riservata ai non cittadini romani Fustigazione
33%
Strumento musicale a fiato molto lungo (non il flauto) Fagotto
31%
Band che ha fatto "Pretender" Foo fighters
15%
Battaglia avvenuta nel 48 a.C. tra Cesare e Pompeo Farsalo
8%
Parola che esprime un insieme confuso, disordinato Farraginoso
2%
Nessun quiz corrispondente trovato
Distribuzione punteggi
Percentuale di utenti per punteggio
Percentile per numero di risposta
I tuoi punteggi nel tempo
Non hai fatto questo quiz